000 00906nam a2200277 a 4500
001 000024549
005 20200930023231.0
008 110131s1985 mx a r 000 0 spa d
020 _a968409311X
040 _aDO-SdBNP
_bspa
_cBNPHU
041 1 7 _aspa
_beng
_2Código de idioma MARC
082 _a523.7
_bN952s
100 1 _aNoyes, Robert W.
_d1934-
_950315
240 1 0 _aThe sun, our star.
_lEspañol.
245 1 0 _aEl sol, nuestra estrella /
_cRobert W. Noyes ; traducción de Patricia Brown.
260 _aMéxico, D. F. :
_bEDAMEX,
_c1985.
300 _a358, [1] p. :
_bil. ;
_c20 cm.
534 _aTítulo original en inglés:
_tThe sun, our star.
650 4 _aSol
_950316
650 4 _aEnergía solar
_945631
650 4 _aEspectro solar
_950317
650 4 _aRadiación solar
_950318
700 1 _aBrown, Patricia
_etr.
_950319
710 2 _aEditores Asociados Mexicanos
_950320
049 _aBNGR
999 _c24042
_d24042